[Event "Niedersachsen-ch op B"]
[Site "Verden"]
[Date "2018.01.06"]
[Round "5"]
[White "Lau, Theodor"]
[Black "Soelter, Thomas"]
[Result "1-0"]
[WhiteElo "1729"]
[BlackElo "1522"]
[PlyCount "103"]
[EventDate "2018.01.04"]
[EventType "swiss"]
[EventRounds "7"]
[EventCountry "GER"]
[SourceTitle "EXT 2022"]
[Source "ChessBase"]
[SourceDate "2021.10.06"]
[SourceVersion "1"]
[SourceVersionDate "2021.10.06"]
[SourceQuality "1"]

1. b3 Nf6 2. Bb2 g6 3. e3 Bg7 4. d4 0-0 5. c4 d6 6. Nc3 Nbd7 7. Nf3 Re8 8. Qc2 e5 9. 0-0-0 exd4 10. exd4 c6 11. d5 Qc7 12. h4 Nc5 13. Qd2 Nfe4 14. Nxe4 Nxe4 15. Qe2 Bf5 16. Bxg7 Kxg7 17. Qb2+ f6 18. g3 Bg4 19. Bg2 Qb6 20. Rhf1 Qb4 21. Rd3 Nc5 22. Rd2 Ne4 23. Rd4 Nc3 24. a3 Ne2+ 25. Kb1 Qc3 26. Qxc3 Nxc3+ 27. Kc2 Ne2 28. Rxg4 f5 29. Rd4 Nxd4+ 30. Nxd4 cxd5 31. Bxd5 Re7 32. Nb5 Rd8 33. Nxa7 Ra8 34. Nb5 Re2+ 35. Kd3 Rb2 36. Kc3 Re2 37. Bxb7 Rae8 38. Bd5 Ra2 39. Bf3 Re5 40. Kb4 Re8 41. Ka4 Rd2 42. b4 Rd3 43. Bd5 Re2 44. Nxd6 Ra2 45. Nb5 Re2 46. Ka5 Re7 47. Kb6 Rd2 48. a4 Ra2 49. a5 Ree2 50. Nc3 Rxf2 51. Rxf2 Rxf2 52. a6 1-0

[Event "Niedersachsen-ch op B"]
[Site "Verden"]
[Date "2018.01.05"]
[Round "4"]
[White "Lehmkuhl, Stefan"]
[Black "Lau, Theodor"]
[Result "1/2-1/2"]
[WhiteElo "1797"]
[BlackElo "1729"]
[PlyCount "59"]
[EventDate "2018.01.04"]
[EventType "swiss"]
[EventRounds "7"]
[EventCountry "GER"]
[SourceTitle "EXT 2022"]
[Source "ChessBase"]
[SourceDate "2021.10.06"]
[SourceVersion "1"]
[SourceVersionDate "2021.10.06"]
[SourceQuality "1"]

1. d4 d5 2. c4 e6 3. Nc3 Nf6 4. Bg5 Be7 5. cxd5 Nxd5 6. Bxe7 Nxe7 7. e3 b6 8. Be2 Bb7 9. Bf3 Nd5 10. Nge2 0-0 11. 0-0 c6 12. Rc1 Nd7 13. Nxd5 cxd5 14. Qa4 a6 15. Nf4 Rc8 16. Nd3 Qe7 17. Be2 b5 18. Qa5 Qd6 19. b4 Qb6 20. Qa3 Rxc1 21. Rxc1 Ra8 22. Nc5 Bc8 23. Qc3 Qd8 24. h3 Nb6 25. Bd3 Nc4 26. e4 h6 27. e5 a5 28. Bb1 axb4 29. Qxb4 Qa5 30. Qb3 1/2-1/2

[Event "Niedersachsen-ch op-C"]
[Site "Verden"]
[Date "2017.01.06"]
[Round "3"]
[White "Seeber, Helmut"]
[Black "Lau, Theodor"]
[Result "0-1"]
[WhiteElo "1623"]
[BlackElo "1683"]
[PlyCount "142"]
[EventDate "2017.01.05"]
[EventType "swiss"]
[EventRounds "7"]
[EventCountry "GER"]
[SourceTitle "CBM 187 Extra"]
[Source "ChessBase"]
[SourceDate "2018.11.04"]
[SourceVersion "1"]
[SourceVersionDate "2018.11.04"]
[SourceQuality "1"]

1. e4 c5 2. Nf3 Nc6 3. d4 cxd4 4. Nxd4 g6 5. c4 Bg7 6. Be3 d6 7. Nc3 Nf6 8. Be2 0-0 9. 0-0 Bd7 10. Rc1 Rc8 11. f3 Qb6 12. Nf5 Qxb2 13. Nxg7 Kxg7 14. Rc2 Qb4 15. Qd2 Qa5 16. Bh6+ Kg8 17. Bxf8 Kxf8 18. Rb1 Qc5+ 19. Kh1 Nd4 20. Rcb2 Nxe2 21. Nxe2 b6 22. Rc1 Qa3 23. Rb3 Qa6 24. Rbc3 Be6 25. Qc2 Rc5 26. Nf4 Bd7 27. h3 Ra5 28. Ra1 Qc8 29. Kh2 Rc5 30. Rc1 Qa6 31. Qd2 Qa5 32. a3 Bc6 33. Nd3 Rh5 34. g4 Rh4 35. Nb4 Bxe4 36. Qd4 Bb7 37. Kg3 g5 38. Nd5 Rh6 39. Qe3 Nxd5 40. cxd5 Qxd5 41. Qd3 Qe5+ 42. Kg2 Kg8 43. Qe3 Re6 44. Qxe5 Rxe5 45. Rc7 Re2+ 46. Kg3 Bd5 47. R1c2 Re3 48. R2c3 Rxc3 49. Rxc3 a6 50. Rc8+ Kg7 51. Rb8 b5 52. Rb6 Kf6 53. Rxa6 Ke6 54. Kf2 Bc4 55. Ra7 d5 56. Ke3 Kd6 57. Ra6+ Ke5 58. Kd2 d4 59. Ra7 Kd6 60. Ra6+ Kd5 61. Ra7 Kd6 62. Ra6+ Kc5 63. Rh6 Bd5 64. Rxh7 e5 65. Rg7 f6 66. Rg6 Bxf3 67. Rxf6 e4 68. Rf5+ Kc4 69. Rxg5 e3+ 70. Ke1 d3 71. Rg8 d2+ 0-1

[Event "Niedersachsen-ch op-B"]
[Site "Verden"]
[Date "2015.01.04"]
[Round "5"]
[White "Fischer, Manfred"]
[Black "Lau, Theodor"]
[Result "1/2-1/2"]
[WhiteElo "1830"]
[BlackElo "1635"]
[PlyCount "71"]
[EventDate "2015.01.02"]
[EventType "swiss"]
[EventRounds "7"]
[EventCountry "GER"]
[SourceTitle "EXT 2018"]
[Source "ChessBase"]
[SourceDate "2017.10.13"]
[SourceVersion "1"]
[SourceVersionDate "2017.10.13"]
[SourceQuality "1"]

1. e4 e5 2. Nf3 Nc6 3. Bb5 Nf6 4. d3 d6 5. Bg5 Be7 6. Nbd2 a6 7. Ba4 b5 8. Bb3 Na5 9. c3 Nxb3 10. axb3 Bb7 11. 0-0 0-0 12. Qc2 c5 13. Nh4 h6 14. Bxf6 Bxf6 15. Nf5 d5 16. exd5 Qxd5 17. Ne3 Qc6 18. Ne4 Be7 19. Nf5 Qe6 20. Nxe7+ Qxe7 21. f3 Rad8 22. Qf2 Rc8 23. Qe3 f5 24. Nf2 Qe6 25. c4 b4 26. Rfe1 Rfe8 27. Rad1 Qd6 28. Ra1 Qd4 29. Qxd4 exd4 30. Kf1 Kf7 31. Ra5 Rxe1+ 32. Kxe1 Ke6 33. Kd2 Kd6 34. Ra1 Re8 35. Re1 Rxe1 36. Kxe1 1/2-1/2

[Event "Niedersachsen-ch op-B"]
[Site "Verden"]
[Date "2014.01.02"]
[Round "2"]
[White "Lau, Theodor"]
[Black "Moerke, Niklas"]
[Result "1/2-1/2"]
[WhiteElo "1549"]
[BlackElo "1230"]
[PlyCount "46"]
[EventDate "2014.01.02"]
[EventType "swiss"]
[EventRounds "7"]
[EventCountry "GER"]
[SourceTitle "EXT 2016"]
[Source "ChessBase"]
[SourceDate "2015.10.08"]
[SourceVersion "1"]
[SourceVersionDate "2015.10.08"]
[SourceQuality "1"]

1. e4 e6 2. d4 d5 3. Nc3 Nf6 4. e5 Nfd7 5. f4 c5 6. Nf3 Nc6 7. Be3 Qb6 8. Na4 Qa5+ 9. c3 c4 10. b4 Qc7 11. Be2 b5 12. Nc5 Bxc5 13. dxc5 a5 14. a3 a4 15. 0-0 Bb7 16. Nd4 Nxd4 17. Bxd4 0-0-0 18. Qd2 Nb8 19. Rae1 Nc6 20. Bd1 Nxd4 21. Qxd4 Kb8 22. Bc2 g6 23. Ra1 Bc6 1/2-1/2

[Event "Niedersachsen-ch U12"]
[Site "Rotenburg"]
[Date "2013.03.29"]
[Round "11"]
[White "Lau, Theodor"]
[Black "Ewert, Hannes"]
[Result "0-1"]
[WhiteElo "1339"]
[BlackElo "1681"]
[PlyCount "110"]
[EventDate "2013.03.23"]
[EventType "swiss"]
[EventRounds "11"]
[EventCountry "GER"]
[SourceTitle "EXT 2015"]
[Source "ChessBase"]
[SourceDate "2014.11.20"]
[SourceVersion "1"]
[SourceVersionDate "2014.11.20"]
[SourceQuality "1"]

1. e4 e6 2. d4 d5 3. e5 c5 4. Nf3 Qb6 5. Bd3 Nc6 6. 0-0 cxd4 7. Re1 h6 8. a3 Bd7 9. b4 a6 10. Bb2 Rc8 11. Nbd2 Nge7 12. Nb3 g6 13. Nbxd4 Bg7 14. Qd2 0-0 15. Qe3 Rfd8 16. Nxc6 Qxc6 17. Nd4 Qb6 18. Nf5 Qxe3 19. Nxe7+ Kf8 20. Nxg6+ fxg6 21. Rxe3 Be8 22. Rc1 h5 23. c4 dxc4 24. Be4 Bh6 25. f4 Kg8 26. g3 g5 27. Rf1 Bb5 28. Bc3 Bc6 29. Bg6 Rf8 30. f5 g4 31. Re2 Bf3 32. Ree1 Rc6 33. f6 Rd8 34. Be4 Bxe4 35. Rxe4 Kf7 36. Kf2 Rd3 37. Bd4 c3 38. Be3 Bxe3+ 39. Rxe3 Rd2+ 40. Re2 Rd5 41. Rc2 Rxe5 42. Rfc1 Rf5+ 43. Ke2 Rf3 44. Rf1 Rxf1 45. Kxf1 Kxf6 46. Ke2 b5 47. Ke3 Rc4 48. Kd3 Ke5 49. Re2+ Kd5 50. Kc2 Re4 51. Rf2 Kc4 52. Rg2 Rd4 53. Re2 Rd2+ 54. Rxd2 cxd2 55. Kxd2 Kb3 0-1

[Event "Niedersachsen-ch U12"]
[Site "Rotenburg"]
[Date "2013.03.26"]
[Round "6"]
[White "Lau, Theodor"]
[Black "Stelmaszyk, Nico"]
[Result "1-0"]
[WhiteElo "1339"]
[BlackElo "859"]
[PlyCount "92"]
[EventDate "2013.03.23"]
[EventType "swiss"]
[EventRounds "11"]
[EventCountry "GER"]
[SourceTitle "EXT 2015"]
[Source "ChessBase"]
[SourceDate "2014.11.20"]
[SourceVersion "1"]
[SourceVersionDate "2014.11.20"]
[SourceQuality "1"]

1. e4 e5 2. Nf3 d6 3. d4 Nc6 4. Nc3 Bg4 5. Be3 Bxf3 6. gxf3 Be7 7. d5 Na5 8. b4 Nc6 9. dxc6 bxc6 10. b5 c5 11. Nd5 Nf6 12. Bc4 Rb8 13. Rg1 0-0 14. Bh6 g6 15. Bxf8 Nxd5 16. Bxd5 Qxf8 17. Rb1 Kh8 18. Qd3 Qh6 19. Ke2 Qxh2 20. Rh1 Qf4 21. Qe3 Bg5 22. Qxf4 Bxf4 23. Bxf7 Kg7 24. Bd5 h5 25. a4 Kh6 26. Rbg1 g5 27. Bf7 h4 28. Be6 a5 29. Rb1 Rb6 30. Rhg1 Kg6 31. Rg4 Kf6 32. Bd5 Kg6 33. Rxf4 exf4 34. Kd3 Kf6 35. Bc6 Ke5 36. Rg1 Kf6 37. Kc4 Rb8 38. Kd5 Rh8 39. Bd7 h3 40. Kc6 h2 41. Rh1 Ke5 42. c3 Rh6 43. Kxc7 d5 44. exd5 Kxd5 45. b6 Rxb6 46. Kxb6 Kd6 1-0

[Event "Niedersachsen-ch U12"]
[Site "Rotenburg"]
[Date "2013.03.23"]
[Round "2"]
[White "Lau, Theodor"]
[Black "Reuker, Jari"]
[Result "0-1"]
[WhiteElo "1339"]
[BlackElo "1802"]
[PlyCount "110"]
[EventDate "2013.03.23"]
[EventType "swiss"]
[EventRounds "11"]
[EventCountry "GER"]
[SourceTitle "EXT 2015"]
[Source "ChessBase"]
[SourceDate "2014.11.20"]
[SourceVersion "1"]
[SourceVersionDate "2014.11.20"]
[SourceQuality "1"]

1. e4 c5 2. d4 cxd4 3. c3 Nf6 4. e5 Nd5 5. cxd4 e6 6. Bc4 d6 7. Nf3 Nc6 8. 0-0 Be7 9. Qb3 Qc7 10. Bxd5 exd5 11. Qxd5 0-0 12. Nc3 dxe5 13. Nxe5 Be6 14. Qe4 Nxe5 15. dxe5 Rfe8 16. Be3 f6 17. exf6 Bxf6 18. Nd5 Bxd5 19. Qxd5+ Qf7 20. Qxf7+ Kxf7 21. Rac1 b6 22. b3 Ke6 23. Rfe1 Kf5 24. Rc7 Bb2 25. g3 Rec8 26. Bf4 g5 27. Bd6 Rxc7 28. Bxc7 Ba3 29. Rd1 Be7 30. Rd4 Rc8 31. g4+ Ke6 32. Re4+ Kd7 33. Bg3 Rc2 34. Ra4 a5 35. f4 Bb4 36. a3 b5 37. Rxb4 axb4 38. axb4 Re2 39. fxg5 Re4 40. h3 Rxb4 41. Kf2 Rxb3 42. Bf4 Rxh3 43. Ke2 Ke6 44. Kd2 Kd5 45. Kc2 Ke4 46. Bd6 Kf3 47. Kb3 Rh1 48. g6 hxg6 49. g5 Ke4 50. Kb4 Rb1+ 51. Kc5 b4 52. Be7 Kd3 53. Kb5 b3 54. Kc5 Kc2 55. Bf6 b2 0-1

[Event "Niedersachsen-ch U12"]
[Site "Rotenburg"]
[Date "2013.03.23"]
[Round "1"]
[White "Stukenborg, Fynn"]
[Black "Lau, Theodor"]
[Result "0-1"]
[WhiteElo "954"]
[BlackElo "1339"]
[PlyCount "58"]
[EventDate "2013.03.23"]
[EventType "swiss"]
[EventRounds "11"]
[EventCountry "GER"]
[SourceTitle "EXT 2015"]
[Source "ChessBase"]
[SourceDate "2014.11.20"]
[SourceVersion "1"]
[SourceVersionDate "2014.11.20"]
[SourceQuality "1"]

1. e4 e5 2. Nf3 Nc6 3. Nc3 Nf6 4. Bb5 Bc5 5. Nxe5 Bxf2+ 6. Kxf2 Nxe5 7. Ke1 c6 8. Ba4 b5 9. Bb3 b4 10. d4 Neg4 11. e5 bxc3 12. bxc3 d5 13. exf6 Qxf6 14. Qe2+ Kd8 15. h4 Qd6 16. Qf3 Re8+ 17. Kd1 Nh2 18. Bf4 Qg6 19. Qd3 Qg4+ 20. Kc1 Qxf4+ 21. Kb2 Bf5 22. Qa6 Re6 23. Qb7 Rc8 24. Qxa7 Ng4 25. Raf1 Qe4 26. Qxf7 Ne3 27. Re1 Nc4+ 28. Ka1 Qxe1+ 29. Rxe1 Rxe1# 0-1

[Event "Niedersachsen-ch U10"]
[Site "Rotenburg"]
[Date "2012.04.05"]
[Round "10"]
[White "Schauder, Finn Leon"]
[Black "Lau, Theodor"]
[Result "0-1"]
[WhiteElo "785"]
[BlackElo "894"]
[PlyCount "106"]
[EventDate "2012.03.31"]
[EventType "swiss"]
[EventRounds "11"]
[EventCountry "GER"]
[SourceTitle "EXT 2015"]
[Source "ChessBase"]
[SourceDate "2014.11.20"]
[SourceVersion "1"]
[SourceVersionDate "2014.11.20"]
[SourceQuality "1"]

1. e4 e5 2. Nf3 Nc6 3. d4 exd4 4. c3 dxc3 5. Nxc3 Bb4 6. Bc4 Nf6 7. 0-0 d6 8. Bg5 h6 9. Bh4 Bg4 10. h3 Bh5 11. a3 Bxc3 12. bxc3 Ne5 13. Be2 Qe7 14. Nd2 Bg6 15. Qb1 0-0-0 16. Qb2 Qe6 17. Rab1 b6 18. Ba6+ Kb8 19. f4 Nxe4 20. Nxe4 Bxe4 21. f5 Qd5 22. c4 Qc5+ 23. Bf2 Qa5 24. Qb5 Bxb1 25. Rxb1 Qxb5 26. Bxb5 g6 27. fxg6 Nxg6 28. Ba6 Rhg8 29. c5 Nf4 30. g3 Nxh3+ 31. Kg2 Nxf2 32. Kxf2 dxc5 33. Bc4 Rgf8 34. Rf1 c6 35. Kg2 b5 36. Be2 Rd2 37. Re1 b4 38. axb4 cxb4 39. Kf1 Re8 40. g4 b3 41. Bf3 Rxe1+ 42. Kxe1 Rd8 43. Bxc6 b2 44. Be4 Re8 45. Kd1 Rxe4 46. Kc2 Rb4 47. Kd3 b1Q+ 48. Kc3 Rxg4 49. Kd2 Qb2+ 50. Ke3 Qb3+ 51. Kf2 Ra4 52. Ke2 Ra2+ 53. Ke1 Qb1# 0-1

[Event "Niedersachsen-ch U10"]
[Site "Rotenburg"]
[Date "2012.04.03"]
[Round "5"]
[White "Helmer, Jan"]
[Black "Lau, Theodor"]
[Result "0-1"]
[WhiteElo "933"]
[BlackElo "894"]
[PlyCount "52"]
[EventDate "2012.03.31"]
[EventType "swiss"]
[EventRounds "11"]
[EventCountry "GER"]
[SourceTitle "EXT 2015"]
[Source "ChessBase"]
[SourceDate "2014.11.20"]
[SourceVersion "1"]
[SourceVersionDate "2014.11.20"]
[SourceQuality "1"]

1. d4 d5 2. c4 Nf6 3. cxd5 Nxd5 4. e4 Nf6 5. Nc3 Nc6 6. d5 Ne5 7. f4 Ng6 8. e5 Bg4 9. Nge2 Nd7 10. Qc2 e6 11. dxe6 fxe6 12. Nb5 c6 13. Nd6+ Bxd6 14. exd6 0-0 15. g3 Bf5 16. Qc3 e5 17. fxe5 Ndxe5 18. Nf4 Qxd6 19. Nxg6 Qxg6 20. Bc4+ Kh8 21. 0-0 Nxc4 22. Qxc4 Bh3 23. Re1 b5 24. Qc3 Qf7 25. Bh6 Qf2+ 26. Kh1 Qg2# 0-1

[Event "Niedersachsen-ch op-B"]
[Site "Verden"]
[Date "2012.01.03"]
[Round "4"]
[White "Lau, Theodor"]
[Black "Eschholz, Dario"]
[Result "0-1"]
[WhiteElo "844"]
[BlackElo "1341"]
[PlyCount "52"]
[EventDate "2012.01.02"]
[EventType "swiss"]
[EventRounds "7"]
[EventCountry "GER"]
[SourceTitle "EXT 2021"]
[Source "ChessBase"]
[SourceDate "2020.10.23"]
[SourceVersion "1"]
[SourceVersionDate "2020.10.23"]
[SourceQuality "1"]

1. e4 c5 2. Bc4 Nc6 3. Nf3 g6 4. c3 Bg7 5. d4 cxd4 6. cxd4 Qb6 7. e5 Qb4+ 8. Nbd2 Nh6 9. a3 Qa5 10. Bd3 Qb6 11. Nb3 0-0 12. Be3 Qd8 13. h3 d6 14. exd6 Qxd6 15. Qd2 Nf5 16. Bxf5 Bxf5 17. Nc5 b6 18. Nb3 Be4 19. Nh4 Qd5 20. f3 Bxf3 21. Nxf3 Qxb3 22. Bh6 Rfd8 23. Rd1 Rac8 24. Rf1 Nxd4 25. Nxd4 Rxd4 26. Qf2 Qxd1# 0-1